000 01473nam a2200481 i 4500
001 31791
003 KOSZ 005
005 20200508120137.0
008 970510s1995 pl a f |000 0 pol
015 _aPB 1995/6219
020 _a8390116936
035 _a(PL-WaBN)b10055204-48omnis_nlop
035 _ab10055204
035 _a(OCoLC)749673038
035 _a(PL)b0000010055204
040 _aWA N
_cWA N
_dKOSZ 005/HR
046 _k1995
080 _a339.13:
080 _a339.17
100 1 _aDrab, Adam.
_eAutor
245 1 0 _aMarketing wystawienniczy czyli Jak odnieść sukces na targach /
_cAdam Drab.
260 _aWarszawa :
_b"Business Press",
_c1995.
300 _a350 s. :
_brys., wykr. ;
_c21 cm.
336 _2rdacontent
_aTekst
_btxt
337 _2rdamedia
_aBez urządzenia pośredniczącego
_bn
338 _2rdacarrier
_aWolumin
_bnc
380 _aKsiążki
380 _aPoradniki i przewodniki
388 _a1901-2000
388 _a1989-2000
490 1 _aBusinessman Book
500 _aNazwa wydawcy w cop.
650 7 _aWystawiennictwo.
650 7 _aMarketing
650 7 _aTargi i wystawy
_2DBN
650 7 _aOrganizacja
658 _aZarządzanie i marketing
655 7 _aPoradnik
_2DBN
856 _uhttp://koha.tu.koszalin.pl/cgi-bin/koha/opac-detail.pl?biblionumber=31791
_yKatalog online BPK
830 0 _aBusinessman Book
942 _2UKD
_cKS
999 _c31791
_d31791